Journal on Efficiency and Responsibility in Education and Science

Saved in:
Bibliographic Details
Format: Serial
Language:English
Published: Praha Faculty of Economics and Management of Czech University of Life Sciences Prague
Tags: Add Tag
No Tags, Be the first to tag this record!

MARC

LEADER 00000nas1a2200000 4500
001 0304849
005 20250701091917.5
022 |a 2336-2375 
022 |a 1803-1617 
041 0 |a eng 
044 |a CZ 
245 1 0 |a Journal on Efficiency and Responsibility in Education and Science 
264 1 |a Praha  |b Faculty of Economics and Management of Czech University of Life Sciences Prague